Sistemas electorales y reforma electoral
Saved in:
| Main Author: | |
|---|---|
| Format: | Chapter/Article Conference Paper |
| Language: | Spanish |
| Published: |
1997
|
| In: |
Simposio sobre reforma electoral: memoria
Year: 1997, Pages: 25-68 |
| Online Access: |
|
| Author Notes: | Dieter Nohlen |
MARC
| LEADER | 00000caa a2200000 c 4500 | ||
|---|---|---|---|
| 001 | 1925652548 | ||
| 003 | DE-627 | ||
| 005 | 20250717013717.0 | ||
| 007 | tu | ||
| 008 | 250514s1997 xx ||||| 00| ||spa c | ||
| 035 | |a (DE-627)1925652548 | ||
| 035 | |a (DE-599)KXP1925652548 | ||
| 035 | |a (OCoLC)1528045097 | ||
| 040 | |a DE-627 |b ger |c DE-627 |e rda | ||
| 041 | |a spa | ||
| 084 | |a 16 |2 sdnb | ||
| 100 | 1 | |a Nohlen, Dieter |d 1939- |e VerfasserIn |0 (DE-588)120644517 |0 (DE-627)080802486 |0 (DE-576)162395841 |4 aut | |
| 245 | 1 | 0 | |a Sistemas electorales y reforma electoral |c Dieter Nohlen |
| 264 | 1 | |c 1997 | |
| 300 | |a 44 | ||
| 336 | |a Text |b txt |2 rdacontent | ||
| 337 | |a ohne Hilfsmittel zu benutzen |b n |2 rdamedia | ||
| 338 | |a Band |b nc |2 rdacarrier | ||
| 773 | 0 | 8 | |i Enthalten in |t Simposio sobre reforma electoral: memoria |b 2da Impr. |d Lima : IFES, 1997 |g (1997), Seite 25-68 |h 309 S. |w (DE-627)1460669959 |w (DE-576)390669954 |7 nnam |a Sistemas electorales y reforma electoral |
| 773 | 1 | 8 | |g year:1997 |g pages:25-68 |g extent:44 |a Sistemas electorales y reforma electoral |
| 951 | |a AR | ||
| 992 | |a 20250514 | ||
| 993 | |a ConferencePaper | ||
| 994 | |a 1997 | ||
| 998 | |g 120644517 |a Nohlen, Dieter |m 120644517:Nohlen, Dieter |d 180000 |d 180500 |e 180000PN120644517 |e 180500PN120644517 |k 0/180000/ |k 1/180000/180500/ |p 1 |x j |y j | ||
| 999 | |a KXP-PPN1925652548 |e 4724369434 | ||
| BIB | |a Y | ||
| JSO | |a {"relHost":[{"part":{"extent":"44","year":"1997","text":"(1997), Seite 25-68","pages":"25-68"},"recId":"1460669959","type":{"bibl":"edited-book"},"name":{"displayForm":["Ed. Fernando Tuesta Soldevilla. Fundacion Internacional para Sistemas Electorales"]},"physDesc":[{"noteAccMat":"11 Tab., Lit S. 287-309","extent":"309 S."}],"person":[{"family":"Tuesta Soldevilla","given":"Fernando","display":"Tuesta Soldevilla, Fernando","role":"edt"},{"role":"oth","display":"Molina, José Enrique","given":"José Enrique","family":"Molina"},{"given":"Juan Ignacio","family":"García","role":"oth","display":"García, Juan Ignacio"},{"role":"oth","display":"Nohlen, Dieter","given":"Dieter","family":"Nohlen"},{"display":"Planas, Pedro","role":"oth","given":"Pedro","family":"Planas"}],"corporate":[{"display":"International Foundation for Electoral Systems","role":"oth"}],"origin":[{"publisher":"IFES","dateIssuedDisp":"1997","publisherPlace":"Lima","dateIssuedKey":"1997","edition":"2da Impr."}],"disp":"Sistemas electorales y reforma electoralSimposio sobre reforma electoral: memoria","id":{"eki":["1460669959"]},"title":[{"title":"Simposio sobre reforma electoral: memoria","title_sort":"Simposio sobre reforma electoral: memoria"}],"language":["spa"]}],"language":["spa"],"person":[{"display":"Nohlen, Dieter","role":"aut","family":"Nohlen","given":"Dieter"}],"title":[{"title":"Sistemas electorales y reforma electoral","title_sort":"Sistemas electorales y reforma electoral"}],"name":{"displayForm":["Dieter Nohlen"]},"type":{"bibl":"chapter"},"id":{"eki":["1925652548"]},"physDesc":[{"extent":"44 S."}],"origin":[{"dateIssuedKey":"1997","dateIssuedDisp":"1997"}],"recId":"1925652548"} | ||
| SRT | |a NOHLENDIETSISTEMASEL1997 | ||